Sociálna infraštruktúra na území sídla, systémy jej prognózovania a lokalizovania : Kandidátska dizertačná práca /
Enregistré dans:
| Auteur principal: | |
|---|---|
| Autres auteurs: | |
| Format: | Manuscrit Livre |
| Langue: | slovaque |
| Publié: |
Bratislava :
URBION - štátny inštitút urbanizmu a územného plánovania v Bratislave,
september 1990
|
| Sujets: | |
| Tags: |
Pas de tags, Soyez le premier à ajouter un tag!
|
MARC
| LEADER | 00000ntm a22000003a 4500 | ||
|---|---|---|---|
| 001 | 0115650 | ||
| 003 | SK-STU | ||
| 005 | 20250529155638.5 | ||
| 007 | ta | ||
| 008 | 250529s2025----xo-----f-mn---000-0-slo-d | ||
| 040 | |a STU |b slo | ||
| 041 | 0 | |a slo | |
| 044 | |a xo |c SK | ||
| 100 | 1 | |a Kaoud, Salah Mohamed Ibrahím |4 aut | |
| 245 | 1 | 0 | |a Sociálna infraštruktúra na území sídla, systémy jej prognózovania a lokalizovania : |b Kandidátska dizertačná práca / |c aut. Salah Mohamed Ibrahím Kaoud ; škol. Pavel Zibrin |
| 260 | |a Bratislava : |b URBION - štátny inštitút urbanizmu a územného plánovania v Bratislave, |c september 1990 | ||
| 300 | |a 178 s. | ||
| 650 | 0 | 7 | |a obytné prostredie |
| 650 | 0 | 7 | |a mestské zóny |
| 650 | 0 | 7 | |a rekreácia a voľný čas |
| 650 | 0 | 7 | |a bývanie |
| 650 | 0 | 7 | |a občianska vybavenosť |
| 650 | 0 | 7 | |a občianske budovy |
| 650 | 0 | 7 | |a urbanizmus a územné plánovanie |
| 700 | 1 | |a Zibrin, Pavel |4 ths | |
| 996 | |b 284AU10385 |c A* 278/V |l AAKNST |s P |a 0 |w 0115650_0001 | ||